Countries where ISIS is operating - Statistics

General Stats
  • This quiz has been taken 716 times
    439 since last reset
  • The average score is 10 of 16
Answer Stats
Answer % Correct
2 Syria
98%
8 Yemen
78%
3 Libya
77%
13 Afghanistan
76%
4 Egypt
74%
14 Pakistan
74%
7 Saudi Arabia
72%
10 Lebanon
67%
12 Jordan
65%
5 Algeria
64%
16 Somalia
61%
6 Nigeria
53%
17 Russia
53%
9 Indonesia
43%
15 Bangladesh
26%
11 Philippines
24%
No matching quizzes found
Score Distribution
Percent of People with Each Score
Percentile by Number Answered
Your Score History
You have not taken this quiz since the last reset